000 00654nam a22001817a 4500
003 UA-OsUOA
001 10855
007 ta
008 20050211b un ||||| |||| 00| 0 ukr d
100 _aЗайванівський М.
942 _cSA
040 _aUA-OsUOA
_cUA-OsUOA
_dUA-OsUOA
245 _aБібліографічний покажчик ["Вибір на все життя" присвяч. творчості І.Пащука підготувала обл. наук. б-ка]
300 _aС.3
955 _a0
773 0 _w0
_tВісті Рівненщини
_dРівне
_d2005
_g№11/9 лют./
650 7 _aБібліографія
_2UDC
999 _c297016
_d297016